God made farm animals / (Record no. 7087)

MARC details
000 -LEADER
fixed length control field 01475nam a22002897a 4500
001 - CONTROL NUMBER
control field 7087
003 - CONTROL NUMBER IDENTIFIER
control field FISKH
005 - DATE AND TIME OF LATEST TRANSACTION
control field 20250620133432.0
008 - FIXED-LENGTH DATA ELEMENTS--GENERAL INFORMATION
fixed length control field 250620b cb ||||| |||| 00| 0 eng d
040 ## - CATALOGING SOURCE
Original cataloging agency FISKH
Language of cataloging eng
Transcribing agency FISKH
Modifying agency FISKH
050 ## - LIBRARY OF CONGRESS CALL NUMBER
Classification number SF75.5 .H39
082 ## - DEWEY DECIMAL CLASSIFICATION NUMBER
Classification number 268.8
100 ## - MAIN ENTRY--PERSONAL NAME
Personal name Hayes, Sue Turner
245 ## - TITLE STATEMENT
Title God made farm animals /
Statement of responsibility, etc. Written by Sue Turner Hayes ; Photography by Robert Cushman Hayes
250 ## - EDITION STATEMENT
Edition statement This edition published in 1989.
260 ## - PUBLICATION, DISTRIBUTION, ETC.
Place of publication, distribution, etc. Ohio :
Name of publisher, distributor, etc. Standard Publishing Company,
Date of publication, distribution, etc. 1984.
300 ## - PHYSICAL DESCRIPTION
Extent 24 unnumbered pages :
Other physical details color illustrations ;
Dimensions 21 cm
490 ## - SERIES STATEMENT
Series statement A happy day book
505 ## - FORMATTED CONTENTS NOTE
Formatted contents note F<br/>
520 ## - SUMMARY, ETC.
Summary, etc. God Made Farm Animals is a charming Christian-themed picture book that introduces young children to the animals commonly found on a farm—like cows, pigs, chickens, and sheep. Through simple, rhyming text and colorful photos, the book emphasizes that each animal is a special creation made by God.<br/><br/>It teaches children to appreciate the beauty, uniqueness, and purpose of each farm animal while reinforcing the message that God's creativity is seen in all living things. The tone is gentle and affirming, making it ideal for preschoolers and early readers learning about both nature and faith.
521 8# - TARGET AUDIENCE NOTE
Target audience note 300<br/>
Source Lexile estimate <br/>
521 8# - TARGET AUDIENCE NOTE
Target audience note F<br/>
Source Raz-Plus<br/>
650 ## - SUBJECT ADDED ENTRY--TOPICAL TERM
Topical term or geographic name entry element Animals
Form subdivision Farming God
General subdivision Learning
700 ## - ADDED ENTRY--PERSONAL NAME
Personal name Hayes, Robert Cushman
Relator term illustrator
942 ## - ADDED ENTRY ELEMENTS (KOHA)
Source of classification or shelving scheme Dewey Decimal Classification
Koha item type Books
Suppress in OPAC No
Holdings
Withdrawn status Lost status Source of classification or shelving scheme Damaged status Not for loan Collection Home library Current library Shelving location Date acquired Total Checkouts Full call number Barcode Date last seen Copy number Price effective from Koha item type
    Dewey Decimal Classification     Non-Fiction Footprints International School Library Network Toul Kork Campus Footprints International School Library Network Toul Kork Campus TK Primary Library Room(4th Floor), Bookcase 7, Shelves 57-60, Dark Green Books 06/20/2025   HAY 268.8 SF75.5 .H39 FISBK05336 06/20/2025 1 06/20/2025 Books